<?xml version="1.0" encoding="UTF-8"?>
<record
    xmlns:xsi="http://www.w3.org/2001/XMLSchema-instance"
    xsi:schemaLocation="http://www.loc.gov/MARC21/slim http://www.loc.gov/standards/marcxml/schema/MARC21slim.xsd"
    xmlns="http://www.loc.gov/MARC21/slim">

  <leader>00819naa a2200241 uc4500</leader>
  <controlfield tag="001">353003</controlfield>
  <controlfield tag="005">20240515091144.0</controlfield>
  <controlfield tag="008">990309s1998                        eng  </controlfield>
  <datafield tag="035" ind1=" " ind2=" ">
    <subfield code="a">353003</subfield>
  </datafield>
  <datafield tag="040" ind1=" " ind2=" ">
    <subfield code="c">comduadb</subfield>
  </datafield>
  <datafield tag="041" ind1=" " ind2=" ">
    <subfield code="a">eng</subfield>
  </datafield>
  <datafield tag="100" ind1="1" ind2="0">
    <subfield code="a">Kurbanoglu, S .Serap</subfield>
    <subfield code="4">aut</subfield>
    <subfield code="e">aut</subfield>
    <subfield code="9">499852</subfield>
  </datafield>
  <datafield tag="245" ind1="1" ind2="0">
    <subfield code="a">Information need and information seeking behavior of scholars at a turkish university</subfield>
  </datafield>
  <datafield tag="300" ind1=" " ind2=" ">
    <subfield code="a">V1 p.29-33</subfield>
  </datafield>
  <datafield tag="650" ind1=" " ind2="7">
    <subfield code="a">Bibliotecas universitarias</subfield>
    <subfield code="2">lemb</subfield>
    <subfield code="9">185262</subfield>
  </datafield>
  <datafield tag="650" ind1=" " ind2=" ">
    <subfield code="a">Turquia</subfield>
    <subfield code="9">24390</subfield>
  </datafield>
  <datafield tag="650" ind1=" " ind2="7">
    <subfield code="a">Necesidades de informaci&#xF3;n</subfield>
    <subfield code="2">armarc</subfield>
    <subfield code="9">56113</subfield>
  </datafield>
  <datafield tag="650" ind1=" " ind2="7">
    <subfield code="a">Usuarios de bibliotecas</subfield>
    <subfield code="2">lemb</subfield>
    <subfield code="9">53070</subfield>
  </datafield>
  <datafield tag="650" ind1=" " ind2=" ">
    <subfield code="a">Formaci&#xF3;n de usuarios</subfield>
    <subfield code="9">21730</subfield>
  </datafield>
  <datafield tag="650" ind1=" " ind2="7">
    <subfield code="a">Profesores universitarios</subfield>
    <subfield code="2">lemb</subfield>
    <subfield code="9">43851</subfield>
  </datafield>
  <datafield tag="773" ind1="0" ind2=" ">
    <subfield code="t">IFLA General Conference</subfield>
    <subfield code="g">V1 p.29-33</subfield>
    <subfield code="w">322003</subfield>
    <subfield code="w">(OCoLC)777743866</subfield>
    <subfield code="0">103084</subfield>
  </datafield>
  <datafield tag="999" ind1=" " ind2=" ">
    <subfield code="c">112940</subfield>
    <subfield code="d">112940</subfield>
  </datafield>
  <datafield tag="942" ind1=" " ind2=" ">
    <subfield code="c">BKCAP</subfield>
  </datafield>
</record>
